00399nam a22001577a 4500003000700000005001700007008004100024082001900065100002200084245003100106250001100137260003100148300000800179490002200187650003200209MPLRDC20220104124039.0210129b ||||| |||| 00| 0 eng d a889 LMSJ v.861 a玛德兰. 柯尔 a折翼的天使c含楚译 a初版 ab骏马文化公司c1988 b平 a罗曼史集. 861 a西洋小说之中文翻译